Ricostruisci la Carriera del Calciatore - Demetrio Albertini - Statistics

Statistiche generali
  • Questo quiz è stato fatto 14 volte
  • Il punteggio medio è 2 su 7
Statistiche sulle risposte
Hint Risposta % Corretto
1991-2002 Milan
70%
2003-2004 Lazio
60%
1990-1991 Padova
50%
2005 Barcellona
30%
2002-2003 Atlético Madrid
20%
1988-1990 Milan
10%
2004-2005 Atalanta
0%
Nessun quiz corrispondente trovato
Distribuzione punteggi
Percentuale di utenti per punteggio
Percentile per numero di risposta
I tuoi punteggi nel tempo
Non hai fatto questo quiz